000 nam a22 7a 4500
999 _c28109
_d28109
008 170214b xxu||||| |||| 00| 0 eng d
020 _a9781305028982
050 _aKF 889 .C58 2015
100 _aClarkson, Kenneth W.
245 _aUniversity of New Mexico :
_bAnderson School of Management /
_cKenneth W. Clarkson; Roger LeRoy Miller; and Frank B. Cross
260 _aCengage:
_bAnderson,
_c2015.
300 _ax,800p. :
_bill. ;
500 _aincludes index
700 _aMiller, Roger LeRoy
700 _aFrank, B. Cross
942 _2lcc
_cBOOKS
_hKF 889 .C58 2015